=LDR 00000nam 2200000 4500 =001 INLIS000000000050174 =005 20201124083600 =035 ##$$a 0010-041700000000364 =008 201124################g##########0#ind## =082 ##$$a 330 =090 ##$$a 330 Nus p =100 #$$a Nusbar =245 1#$$a Pelajaran Ekonomi untuk S. L. A. /$c Nusdar =260 ##$$a Jakarta :$b Mutiara,$c 1982 =300 ##$$a 124 hlm ; $c 21x14 cm =084 ##$$a 330 NUS p =250 ##$$a cet 3 =650 #4$$a Pelajaran Ekonomi =990 ##$$a 00090205 =990 ##$$a 00092136 =990 ##$$a 00090205 =990 ##$$a 00092136 =990 ##$$a 00090205 =990 ##$$a 00092136